| 000 | 00581nam a2200181 i 4500 | ||
|---|---|---|---|
| 001 | 26794 | ||
| 003 | ES-MaACL | ||
| 007 | t| | ||
| 008 | 030110s1980 sp ||||1| spa d | ||
| 245 | 0 | 4 | _aLos arrendamientos rústicos en los países del Mercado Común Europeo. |
| 260 |
_aMadrid : _bInstituto de Estudios Económicos, _c[1980] |
||
| 300 |
_a177 p. ; _c30 cm. |
||
| 490 | 1 |
_aTextos y documentos ; _v5 |
|
| 710 | 2 |
_aInstituto de Estudios Económicos (Madrid) _94899 |
|
| 830 | 0 |
_aTextos y documentos ; _v5 _9177664 |
|
| 852 |
_aES-MaACL _jL-478 _bR.101331 |
||
| 999 |
_c26794 _d26794 |
||